Geography Double Decoded #3 - Statistics

General Stats
  • This quiz has been taken 344 times
    320 since last reset
  • The average score is 29 of 57
Answer Stats
Hint Answer % Correct
Country who's largest city is Delhi India
97%
Capital of China Beijing
86%
Largest continent Asia
82%
Capital of Morocco Rabat
82%
What Italian, Spanish, French, Mandarin, and English are Languages
79%
Country whose capital is Buenos Aires Argentina
76%
Largest island of Japan Honshu
76%
Former country that contained Serbia, Montenegro, and most Balkan countries Yugoslavia
76%
Chain of islands Archipelago
75%
Country also known as Timor-Leste East Timor
75%
Country between Venezuela and Suriname Guyana
75%
Tiny country in the Pyrenees Mountains Andorra
74%
Largest island in the mediterranean Sicily
70%
Islands west of Ecuador where evolution was studied Galapagos Islands
69%
Capital of Armenia Yerevan
69%
Country bordering the Mediterranean Sea and the English Channel France
67%
Small country between Austria and Switzerland Liechtenstien
66%
Country whose capital is Luanda Angola
64%
Capital of Canada Ottawa
64%
Also known as Ayers Rock Uluru
64%
One of the official languages of South Africa Afrikaans
62%
Island prison in the San Francisco Bay Alcatraz
62%
French speaking Canadian city Montreal
62%
Low lying area between mountains Valley
62%
Westernmost country in Europe Iceland
61%
Province of Canada whose capital is Edmonton Alberta
60%
Country home to the city of Marathon Greece
60%
Second largest city in the UK Birmingham
59%
Country bordering Honduras and Belize Guatemala
58%
Peninsula with Spain and Portugal Iberian Peninsula
58%
Country bordering China, the Sea of Japan, and the Yellow Sea North Korea
58%
Double landlocked Asian country Uzbekistan
56%
River flowing from Germany to the Black Sea Danube River
53%
A ridge of jagged rock or coral just below the surface of the sea Reef
46%
Famous beach city in Croatia Dubrovnik
44%
Second largest city in Pakistan Lahore
44%
Country Uruguay
42%
Capital of Togo Lome
40%
Second largest of the Balearic Islands Ibiza
39%
U.S State Georgia
38%
Continent home to the Weddell Sea Antarctica
37%
Turkish city on the Aegean Sea Izmir
37%
Country Albania
34%
City Riyadh
32%
Climate pattern where a band of Pacific waters near the equator warms up El Nino
31%
Group of islands owned by India just north of Indonesia Andaman and Nicobar Islands
29%
Language spoken in Southeastern South Africa and parts of Botswana Xhosa
25%
Imaginary line going stretching around the 180th meridian International Date Line
24%
Language Bengali
22%
Country Maldives
22%
City north of Bangalore and east of Mumbai Hyderabad
20%
Nineteenth century palace in southwest Bavaria, Germany Neuschwanstein castle
17%
River that forms the eastern border of North Dakota Red River
11%
City Halifax
9%
A long steep slope usually on the side of a plateau Escarpment
4%
City Hamburg
4%
Term for a sinkhole used in Croatia, Serbia, and other countries Uvala
1%
No matching quizzes found
Score Distribution
Percent of People with Each Score
Percentile by Number Answered
Your Score History
You have not taken this quiz since the last reset